Представление документа в формате MARC21

Поле Инд. ПП Название Значение
Тип записи a
Библиографический уровень m
001 Контрольный номер RU/IS/BASE/691756180
005 Дата корректировки 20230322165301.3
020 a ISBN 978-5-534-05677-8
c Цена, тираж 747-00
040 b Код языка каталог. rus
e Правила каталог. PSBO
041 0_ a Код языка текста rus
084 a Индекс другой классификации/Индекс ББК 81.432.1
090 a Полочн. индекс 81.432.1
c Каталожный индекс 81.432.1
x Авторский знак П 41
091 i Возрастная адресация (DOS) 12+
097 b Оператор ; Кондратьева; Кондратьева
100 1_ a Автор По Э. А.
q Полное имя По Эдгар Аллан
245 10 a Заглавие Selected Stories and Poems
b Продолж. заглавия [12+]
o Избранные рассказы и стихи
260 a Место издания Москва
b Издательство Юрайт
c Дата издания 2021
300 a Объем 380 с.
440 _0 a Серия Читаем в оригинале
500 a Примечание Текст на англ. яз.
653 0_ a Ключевые слова английский язык тексты художественные
901 t Тип документа m